000 00644nam a2200205Ia 4500
003 OSt
005 20230516104511.0
008 210423s1990 xx 000 0 und d
040 _cAL
041 _aeng
082 _a307.72
_223
_bSINM
100 _aSINHA (Murli M)
_9104787
245 _aModernization and community power:a comparative study of two villages in india
260 _aNew Delhi
_bOxford University Press
_c1990
365 _b750
_cINR
650 _aRural Communities
_9104788
650 _aSociology
_9104789
906 _acommunity ; comparative ; india ; Modernization ; power:a ; study ; two ; villages
942 _2ddc
_cBK
999 _c172143
_d172143